Famous Movie Quotes #2 - Statistics

General Stats
  • This quiz has been taken 217 times
  • The average score is 7 of 10
Answer Stats
Quote Actor Film % Correct
"I am your father." James Earl Jones Star Wars Episode V: The Empire Strikes Back
98%
"I'll be back." Arnold Schwarzenegger The Terminator
89%
"Why so serious?" Heath Ledger The Dark Knight
82%
"We'll always have Paris." Humphrey Bogart Casablanca
72%
"I see dead people." Haley Joel Osment The Sixth Sense
70%
"This is the beginning of a beautiful friendship." Humphrey Bogart Casablanca
65%
"Hello. My name is Inigo Montoya. You killed my father. Prepare to die." Mandy Patinkin The Princess Bride
63%
"I'll have what she's having." Estelle Reiner When Harry Met Sally
54%
"You can't handle the truth!" Jack Nicholson A Few Good Men
53%
"Bond. James Bond." Sean Connery Dr. No
53%
No matching quizzes found
Score Distribution
Percent of People with Each Score
Percentile by Number Answered
Your Score History
You have not taken this quiz